000 00477nam a2200181Ia 4500
008 220204s9999 xx 000 0 und d
082 _a678:66
_bBUT
100 _aButt, L T
245 0 _aUse of polymers in chemical plant construction
260 _aLondon
_bApplied Science
_c1980
650 _aChemical plant
650 _aPlastics
650 _aRubber coatings
650 _aRubber compounding
650 _aThermoplastic pipe
700 _aWright, D C
942 _cBK
999 _c39971
_d39971